000
00232nam a22000857a 4500
008
160827b xxu||||| |||| 00| 0 eng d
100
_9
255
_a
Kallola V
245
_a
It's Okay to fail, My son
260
_a
New Delhi
_b
Bannett publication
_c
2016
999
_c
2912
_d
2912